Tema con variaciones: el presidencialismo y su impacto en los procesos democráticos. = Variations on a theme: presidentialism and its impact on democratic processes /
Las democracias contemporáneas son configuraciones complejas que incluyen, entre otras variantes institucionales, los sistemas de gobierno. En la década de los noventas, y con especial referencia a las democracias latinoamericanas, se discutió la naturaleza de las relaciones entre el tipo de sistema...
Guardat en:
| Autor principal: | |
|---|---|
| Format: | Text |
| Matèries: | |
| Etiquetes: |
Afegir etiqueta
Sense etiquetes, Sigues el primer a etiquetar aquest registre!
|
MARC
| LEADER | 00000 a a2200000 04500 | ||
|---|---|---|---|
| 001 | 7326 | ||
| 003 | |||
| 040 | |||
| 100 | |a Villarroel, Gladys | ||
| 245 | |a Tema con variaciones: el presidencialismo y su impacto en los procesos democráticos. = |b Variations on a theme: presidentialism and its impact on democratic processes / |c Gladys Villarroel | ||
| 500 | |a Resumen también en inglés | ||
| 520 | |a Las democracias contemporáneas son configuraciones complejas que incluyen, entre otras variantes institucionales, los sistemas de gobierno. En la década de los noventas, y con especial referencia a las democracias latinoamericanas, se discutió la naturaleza de las relaciones entre el tipo de sistemas de gobierno y la consolidación, estabilidad o gobernabilidad de las democracias. Este artículo examina los argumentos de ese debate con respecto del presidencialismo latinoamericano. Se considera la posición del Linz, Valenzuela y otros investigadores sobre el impacto negativo del presidencialismo en las prácticas y procesos políticos de las democracia latinoamericanas. Se examina la posición de Mainwaring y Shugart con relación a otras variaciones institucionales que afectan la eficacia de las democracias presidenciales |a y, por últimos, se considera el enfoque contextual e histórico de los investigadores asociados a Noheln y la Universidad de Heidelberg. Se concluye estableciendo las principales convergencias y divergencias entre estas tres posiciones | ||
| 650 | |a DEMOCRACIA | ||
| 650 | |a PRESIDENTES | ||
| 650 | |a GOBERNABILIDAD | ||
| 650 | |a TEORIA POLITICA | ||
| 650 | |a AMERICA LATINA | ||
| 773 | |g volumen 15, número 1 -2; páginas 115-139 | ||
| 999 | |c 37378 |d 37378 | ||
